Reliability engineering handbook / (Record no. 3931)

MARC details
000 -LEADER
fixed length control field 01021nac a22002291u 4500
010 ## - LIBRARY OF CONGRESS CONTROL NUMBER
LC control number 99051998
020 ## - INTERNATIONAL STANDARD BOOK NUMBER
International Standard Book Number 0824703642
082 00 - DEWEY DECIMAL CLASSIFICATION NUMBER
Classification number 620.00452
Item number D647
090 ## - LOCALLY ASSIGNED LC-TYPE CALL NUMBER (OCLC); LOCAL CALL NUMBER (OCLC)
-- 3931
-- 3931
100 ## - MAIN ENTRY--PERSONAL NAME
Personal name Dodson, Bryan,
245 10 - TITLE STATEMENT
Title Reliability engineering handbook /
Statement of responsibility, etc Bryan Dodson, Dennis Nolan.
260 ## - PUBLICATION, DISTRIBUTION, ETC. (IMPRINT)
Place of publication, distribution, etc New York :
Name of publisher, distributor, etc Marcel Dekker/Quality Pub.,1999
Date of publication, distribution, etc 1999.
300 ## - PHYSICAL DESCRIPTION
Extent xiv, 639 p. :
Other physical details ill. ;
Dimensions 24 cm.
440 #0 -
-- Quality and reliability ;
-- 56
504 ## - BIBLIOGRAPHY, ETC. NOTE
Bibliography, etc Includes bibliographical references and index.
650 #0 - SUBJECT ADDED ENTRY--TOPICAL TERM
Topical term or geographic name as entry element Reliability (Engineering)
Form subdivision Handbooks, manuals, etc.
700 1# - ADDED ENTRY--PERSONAL NAME
Personal name Nolan, Dennis.
856 41 - ELECTRONIC LOCATION AND ACCESS
Materials specified Table of contents only
Uniform Resource Identifier <a href="http://www.loc.gov/catdir/toc/fy0712/99051998.html">http://www.loc.gov/catdir/toc/fy0712/99051998.html</a>
856 41 - ELECTRONIC LOCATION AND ACCESS
Materials specified Publisher description
Uniform Resource Identifier <a href="http://www.loc.gov/catdir/enhancements/fy0647/99051998-d.html">http://www.loc.gov/catdir/enhancements/fy0647/99051998-d.html</a>
942 ## - ADDED ENTRY ELEMENTS (KOHA)
Item type Book - Borrowing
Call number prefix 620.00452D647
Holdings
Withdrawn status Item status Damaged status Not for loan Home library Current library Shelving location Date acquired Source of acquisition Total Checkouts Total Renewals Full call number Barcode Date last seen Date last borrowed Koha item type
        Central Library Central Library First floor 07/08/2007 Purchase 4 19 620.00452 DOD 000005081 15/07/2025 06/03/2019 Book - Borrowing